Các quy luật kinh tế và guồng máy tác động của chúng trong Chủ nghĩa Xã hội

Trình bày và phân tích về mặt lý luận một số vấn đề xung quanh việc vận dụng các quy luật kinh tế để đẩy nhanh nhịp độ xây dựng chủ nghĩa xã hội ở cộng hòa dân chủ Đức.

保存先:
書誌詳細
フォーマット: 図書
言語:Undetermined
出版事項: Hà Nội Sự thật 1975
主題:
タグ: タグ追加
タグなし, このレコードへの初めてのタグを付けませんか!
Thư viện lưu trữ: Trung tâm Học liệu Trường Đại học Cần Thơ
LEADER 00817nam a2200169Ia 4500
001 CTU_224046
008 210402s9999 xx 000 0 und d
082 |a 320.531 
082 |b C101 
245 0 |a Các quy luật kinh tế và guồng máy tác động của chúng trong Chủ nghĩa Xã hội 
260 |a Hà Nội 
260 |b Sự thật 
260 |c 1975 
520 |a Trình bày và phân tích về mặt lý luận một số vấn đề xung quanh việc vận dụng các quy luật kinh tế để đẩy nhanh nhịp độ xây dựng chủ nghĩa xã hội ở cộng hòa dân chủ Đức. 
650 |a Chủ nghĩa xã hội,Socialism 
910 |b dqhieu 
980 |a Trung tâm Học liệu Trường Đại học Cần Thơ